000 00749nab a2200157 4500
003 ES-SlBCS
005 20220907161510.0
008 161011s2013 sp ||||| |||| 00| 0 spa d
040 _aES-SlBCS
_bspa
100 1 _aConde Soto, Francisco
_9116034
245 1 4 _aUna discusión de algunos aspectos de la ética de Edmund Husserl en las "Lecciones sobre ética y teoría del valor" (1908-1914)
_b: axiología formal, el carácter objetivante de los actos valorativos y la noción de cumplimiento en el terreno de lo práctico
_cFrancisco Conde Soto
600 0 _aHusserl, Edmund
_d, 1859-1938
_xCrítica e interpretación
_9120926
650 0 0 _aAxiología
_9155698
773 0 _gNº 26, 2013, págs. 73-92
_tConvivium
_wRev1513
_x0010-8235
942 _2lcc
_cAR
999 _c859040
_d859040